Strieborný záliv

Podrobná bibliografia
Hlavný autor: Moyes, Jojo, 1969- (Autor)
Ďalší autori: Chovanová, Tamara, 1953- (Prekladateľ)
Médium: Kniha
Jazyk:slovenčina
angličtina
Fyzický popis:302 s. 24 cm
Vydavateľské údaje: Bratislava Ikar 2015
ISBN:9788055142203
Edícia:Svetový bestseller
Predmet:

MARC

LEADER 00000cam a2200000 a 4500
001 vtls010677741
003 SK-MaSNL
005 20260301091656.0
008 240318s2015 xo g 000 f slo
015 |a SNBA2015/09 
020 |a 9788055142203  |q (viaz.) 
035 |a 7DF25697-C452-46F8-84B0-8FE549B6A716 
035 |a urn:nbn:sk:snk-amlb8u 
035 |a urn:nbn:sk:snk-am0090x7 
040 |a SNK  |b slo  |c SNK  |e AACR2 
041 1 |a slo  |h eng 
044 |a xo  |c SK 
072 7 |a 821.111-3  |x Anglická próza, anglicky písaná  |2 konspekt 
080 |a 821.111-31  |2 2001 
080 |a (0:82-312.5)  |2 2001 
100 1 |a Moyes, Jojo,  |d 1969-  |4 aut  |9 155742 
240 1 0 |a Silver Bay  |l Slovensky 
245 1 0 |a Strieborný záliv  |c Jojo Moyesová ; [z anglického originálu] preložila Tamara Chovanová 
260 |a Bratislava  |b Ikar  |c 2015 
300 |a 302 s.  |c 24 cm 
490 1 |a Svetový bestseller 
655 7 |a anglické romány  |2 SNKPH  |9 70428 
655 7 |a ľúbostné romány  |2 SNKPH  |9 70497 
655 7 |a English fiction  |2 SNKPHeng  |9 109944 
655 7 |a Love novels  |2 SNKPHeng  |9 277756 
700 1 |a Chovanová, Tamara,  |d 1953-  |4 trl  |9 85493 
830 0 |a Svetový bestseller  |9 337615 
852 |a Štátna vedecká knižnica v Banskej Bystrici 
919 |a 978-80-551-4220-3 
958 |a UP 
958 |a LX 
968 |b ENG 
999 |c 671849  |d 673779 
952 |a SNK  |b SNK  |y PREZ  |7 0  |p 17A1158895  |o snkSC 164783  |i snk2015/16695  |8 0  |0 0  |1 0  |4 0  |d 2015-05-26  |f 1  |l 0  |r 2025-08-28 00:00:00  |w 2026-02-23 
952 |a SNK  |b SNK  |y PREZ  |7 0  |p 17A1177236  |o snkSC 164783 D1  |i snk2016/540  |8 0  |0 0  |1 0  |4 0  |d 2016-01-13  |l 0  |r 2026-02-23 19:29:40  |w 2026-02-23